000 00277nam a22001217a 4500
003 SGT
082 _a746.92
_bBMS
100 _aBM, SALES
245 _aELEGANCE: EXQUISITE COLLECTION OF INDIAN ETHIC DESIGN
260 _bB.M. SALES COP.
_c2016
300 _a265
942 _2ddc
_cBK
999 _c13527
_d13527